00699nam a2200193Ia 4500008004100000020001400041082001400055100002400069245009400093250000800187260003900195300003000234500001900264600002100283650005000304942000700354952012900361999001500490240925s9999 xx 000 0 und d a127784551 a003.3 ZEI aZeigler ,Bernard P. 0aTheory of Modeling and Simulation: integrating discrete event and complex dynamic systems a2nd aAmsterdam:bAcademic Pressc,2000. axviii,325p.bNAfOriginal aIncludes Index aComputer Science aComputer science, information & general works cBK 001040708CSaUITUbUITUd2004-12-27eKhaliq book Binderg865.40l0o003.3 ZEIpQ5983r2024-09-25 07:14:02w2024-09-25yBK c8482d8482